000 004550000a22001690004500
003 LK-CoMWRAF
008 230817t ||||| |||| 00| 0 eng d
040 _aLK-CoMWRAF
_dLK-CoMWRAF
_eLK-CoMWRAF
041 _aeng
082 _a340
_bTHI
100 _aThiruchchandiran, Selvi
245 _aPen Widuthalai Wathaththin Pirachchanai Maiyum
_bAdu Oru Mealaitheya Koadpada?
260 _bWECP
_aColombo
_c1990
300 _ap.15
650 _aTamil
942 _cBK
999 _c737
_d737